Perreo En La Luna - Sech, Dalex, Justin Quiles, Lenny Tavárez, Feid - Estadísticas

Estadísticas generales
  • Esta prueba ha sido intentada 43 veces
  • La puntuación promedio es 355 de 469
Estadísticas de respuestas
Letra % Correcto
a
100%
C
100%
c
100%
cabrón
100%
Con
100%
Cuando
100%
cuando
100%
de
100%
100%
dem
100%
dembow
100%
el
100%
Ella
100%
ella
100%
en
100%
En
100%
es
100%
Es
100%
ese
100%
Fuma
100%
fuma
100%
l
100%
La
100%
la
100%
las
100%
le
100%
lo
100%
los
100%
luna
100%
me
100%
Me
100%
mi
100%
no
100%
o
100%
pa
100%
Pa
100%
pal
100%
para
100%
perreo
100%
pide
100%
por
100%
si
100%
su
100%
suena
100%
Un
100%
abajo
67%
abra
67%
amanecer
67%
apagó
67%
arrebata
67%
arrebato
67%
Baila
67%
baila
67%
bailando
67%
baja
67%
baje
67%
baño
67%
Bata
67%
bata
67%
bellaqueo
67%
besos
67%
bien
67%
blunt
67%
boom
67%
booty
67%
canción
67%
casa
67%
Cierra
67%
comérmele
67%
cómo
67%
Conmigo
67%
contigo
67%
da
67%
Dar
67%
das
67%
del
67%
Desenmoño
67%
deseos
67%
día
67%
dijo
67%
dio
67%
discoteca
67%
empiece
67%
encendida
67%
enrolla
67%
eres
67%
Esa
67%
escote
67%
eso
67%
está
67%
Esta
67%
estoy
67%
Fuiste
67%
full
67%
fume
67%
fumeteo
67%
hasta
67%
Hasta
67%
humo
67%
Inhalo
67%
jale
67%
llave
67%
llevo
67%
loco
67%
ma
67%
Más
67%
más
67%
mordía
67%
nena
67%
nota
67%
ojos
67%
ombligo
67%
oscuridad
67%
otra
67%
otro
67%
patas
67%
pelo
67%
pensando
67%
philly
67%
pides
67%
prenda
67%
prende
67%
Prende
67%
prendida
67%
proceso
67%
prueba
67%
pusieron
67%
que
67%
Que
67%
queda
67%
quede
67%
quiero
67%
quitó
67%
rápido
67%
raya
67%
regreso
67%
Rola
67%
rola
67%
sabe
67%
sabes
67%
se
67%
Se
67%
Siempre
67%
siente
67%
sigues
67%
sintió
67%
solamente
67%
tambien
67%
te
67%
Te
67%
tengo
67%
tímida
67%
tu
67%
67%
67%
tus
67%
Una
67%
veo
67%
ver
67%
vi
67%
viaje
67%
vuelve
67%
y
67%
Y
67%
ya
67%
Ya
67%
yo
67%
Yo
67%
acabó
33%
apreté
33%
Ay
33%
bajo
33%
calor
33%
creo
33%
cripy
33%
daño
33%
dedo
33%
enrola
33%
estás
33%
Flow
33%
Fue
33%
guayando
33%
Guayeteo
33%
hace
33%
mahón
33%
mala
33%
ni
33%
Oye
33%
pangola
33%
pegadita
33%
pegarte
33%
prendo
33%
presión
33%
respire
33%
roll
33%
Saciar
33%
serenata
33%
sintiendo
33%
sociedad
33%
tira
33%
toda
33%
todo
33%
va
33%
vaqueo
0%
No se encontraron pruebas coincidentes
Distribución de puntuación
Porcentaje de gente con cada puntuación
Porcentaje por número respondido
Historial de tus puntuaciones
No has intentado esta prueba.